All Main Rocky Villains - Statistics

General Stats
  • This quiz has been taken 48 times
  • The average score is 6 of 9
Answer Stats
Picture Answer % Correct
Apollo Creed
100%
Apollo Creed
100%
Ivan Drago
95%
Ivan Drago
95%
Clubber Lang
83%
Mason Dixon
51%
George Washington Duke
24%
Ricky Conlan
22%
Damian Anderson
15%
No matching quizzes found
Score Distribution
Percent of People with Each Score
Percentile by Number Answered
Your Score History
You have not taken this quiz